Statistics for Countries with the Most Summer Olympics Medals

Click here to take the quiz!

General Stats

  • This quiz has been taken 57,663 times
  • The average score is 16 of 20

Answer Stats

🏅Country% Correct
2,636United States
100%
634China
98%
974Germany / West Germany
97%
916Great Britain
97%
764France
96%
497Japan
94%
497Russia
94%
326Canada
93%
618Italy
92%
547Australia
91%
287South Korea
78%
503Sweden
76%
1,122Soviet Union / Unified Team
75%
298Poland
73%
321Netherlands
70%
305Finland
58%
491Hungary
50%
308Romania
47%
409East Germany
41%
241Cuba
35%

Score Distribution

Percentile by Number Answered

Percent of People with Each Score

Your Score History

You have not taken this quiz